| 000 | 01027nam a2200277 a 4500 | ||
|---|---|---|---|
| 001 | 000025290 | ||
| 005 | 20200930023703.0 | ||
| 008 | 100218s2005 dr 001 0 spa d | ||
| 040 |
_aDO-SdBNP _bspa _cBNPHU |
||
| 082 |
_a344.0412 _bR426L,2005 |
||
| 110 | 1 |
_aRepública Dominicana. _9447 |
|
| 240 | 1 | 3 | _a[Leyes, etc.] |
| 245 | 1 | 0 |
_aLey de colegiación médica y sus reglamentaciones / _ceditores Fernando Fernández, Waldo Ariel Suero. |
| 260 |
_aSanto Domingo : _bColegio Médico Dominicano, _c2005 _fBúho |
||
| 300 |
_a304 p. ; _c22 cm. |
||
| 590 | _aInventariado, 2018/VM | ||
| 650 | 4 |
_aColegios profesionales _xReglamentos _935542 |
|
| 650 | 4 |
_aCorporaciones médicas _xLegislación _935543 |
|
| 650 | 4 |
_aMedicina-legislación _935544 |
|
| 650 | 4 |
_aPersonal médico _xResponsabilidad profesional _935545 |
|
| 651 | 4 |
_aRepública Dominicana _xLey 68-03 _935546 |
|
| 700 | 1 |
_aFernández, Fernando, _eed. _91840 |
|
| 700 | 1 |
_aSuero, Waldo Ariel, _eed. _920918 |
|
| 910 | _aValidado. Control de calidad EMS | ||
| 049 | _aBNPD | ||
| 999 |
_c24783 _d24783 |
||